Ted Lasso Characters by Picture - Statistics

General Stats
  • This quiz has been taken 1,147 times
  • The average score is 15 of 21
Answer Stats
Picture Answer % Correct
Ted Lasso
100%
Roy Kent
99%
Jamie Tartt
98%
Sam Obisanya
95%
Rebecca Welton
90%
Beard
85%
Nate
84%
Dani Rojas
83%
Trent Crimm
83%
Keeley Jones
82%
Higgins
71%
Zava
70%
Colin Hughes
69%
Rupert
66%
Zoreaux
60%
Isaac Mcadoo
59%
Will
55%
Bumbercatch
48%
Jan maas
43%
Michelle Lasso
40%
Richard Montlaur
20%
No matching quizzes found
Score Distribution
Percent of People with Each Score
Percentile by Number Answered
Your Score History
You have not taken this quiz